000 01150cam a2200253Mu 4500
001 mehroderminderru00lamb
003 CaSfIA
005 20210118184934.0
007 cr||||
008 870811s1987 gw 000 0 ger d
040 _aJPG
_cJPG
_dCaSfIA
035 _a(OCoLC)83040319
100 1 _aLambertin, Theo.
245 1 0 _aMehr oder minder Ruhe
_h[electronic resource]
_b:3. April 1987-1. Mai 1987 : Bonner Kunstverein /
_cTheo Lambertin.
260 _aBonn :
_bBonner Kunstverein,
_c1987.
300 _a86 p.
600 1 0 _aLambertin, Theo.
710 2 _aBonner Kunstverein.
856 4 1 _uhttp://www.archive.org/details/mehroderminderru00lamb
_zFree eBook from the Internet Archive
856 4 2 _uhttp://www.openlibrary.org/books/OL24213795M
_zAdditional information and access via Open Library
942 _cEB
506 _fНеобхідна авторизація на https://archive.org/ (створення облікового запису безкоштовно)
506 _fНеобхідна авторизація на https://openlibrary.org/ (створення облікового запису безкоштовно)
999 _c524495
_d524495